[Event "Brno Duras op-B"]
[Site "Brno"]
[Date "2014.07.05"]
[Round "8"]
[White "Simek, Vojtech"]
[Black "Glozar, Tomas"]
[Result "1-0"]
[WhiteElo "1000"]
[BlackElo "1399"]
[PlyCount "49"]
[EventDate "2014.06.28"]
[EventType "swiss"]
[EventRounds "9"]
[EventCountry "CZE"]
[SourceTitle "EXT 2017"]
[Source "ChessBase"]
[SourceDate "2016.10.25"]
[SourceVersion "1"]
[SourceVersionDate "2016.10.25"]
[SourceQuality "1"]

1. e4 e5 2. Nf3 Nc6 3. Bb5 Bc5 4. c3 Nf6 5. d4 Bb6 6. Bg5 h6 7. Bxf6 Qxf6 8. d5 Ne7 9. 0-0 0-0 10. Nbd2 c6 11. Ba4 cxd5 12. exd5 Nxd5 13. Ne4 Qe6 14. Bb3 Ne3 15. fxe3 Bxe3+ 16. Kh1 Qg6 17. Qd3 Bc5 18. Nxe5 Qh5 19. Nxd7 Bxd7 20. Qxd7 Rad8 21. Qxb7 Bb6 22. Rad1 Rde8 23. Nd6 Kh7 24. Nxe8 Rxe8 25. Bxf7 1-0